Roads to freedom : (Record no. 43584)
[ view plain ]
| 000 -LEADER | |
|---|---|
| fixed length control field | 00805nam a2200277 a 4500 |
| 001 - CONTROL NUMBER | |
| control field | 43584 |
| 003 - CONTROL NUMBER IDENTIFIER | |
| rucl marc code | BD-RjUL |
| 005 - DATE AND TIME OF LATEST TRANSACTION | |
| control field | 20211209053723.0 |
| 008 - FIXED-LENGTH DATA ELEMENTS--GENERAL INFORMATION | |
| fixed length control field | 160625r19701966enk 001 0 eng d |
| 020 ## - INTERNATIONAL STANDARD BOOK NUMBER | |
| International Standard Book Number | 0043350208 |
| 035 ## - SYSTEM CONTROL NUMBER | |
| System control number | (BD-RjUL)43702 |
| 040 ## - CATALOGING SOURCE | |
| Modifying agency | BD-RjUL |
| Original cataloging agency | BD-RjUL |
| Language of cataloging | eng |
| Transcribing agency | BD-RjUL |
| 041 ## - LANGUAGE CODE | |
| Language code of text/sound track or separate title | eng |
| 082 ## - DEWEY DECIMAL CLASSIFICATION NUMBER | |
| Edition number | 23 |
| Classification number | 335 |
| Author mark and year | RUR 1970 |
| 100 1# - MAIN ENTRY--PERSONAL NAME | |
| Personal name | Russell, Bertrand |
| 9 (RLIN) | 116964 |
| 245 10 - TITLE STATEMENT | |
| Title | Roads to freedom : |
| Remainder of title | socialism, anarchism, and syndicalism / |
| Statement of responsibility, etc. | Bertrand Russell |
| 250 ## - EDITION STATEMENT | |
| Edition statement | 3rd ed. |
| 260 ## - PUBLICATION, DISTRIBUTION, ETC. (IMPRINT) | |
| Place of publication, distribution, etc. | London : |
| Name of publisher, distributor, etc. | Allen & Unwin, |
| Date of publication, distribution, etc. | 1966 [impreesion 1970] |
| 300 ## - PHYSICAL DESCRIPTION | |
| Pagination | 143 p ; |
| Size | 19 cm. |
| 490 0# - SERIES STATEMENT | |
| Series statement | Unwin books ; |
| Volume/sequential designation | 62 |
| 504 ## - BIBLIOGRAPHY, ETC. NOTE | |
| Bibliography, etc | Includes bibliography and index. |
| 650 #0 - SUBJECT ADDED ENTRY--TOPICAL TERM | |
| Topical term or geographic name as entry element | Socialism. |
| 9 (RLIN) | 133905 |
| Topical term or geographic name as entry element | Anarchism. |
| 9 (RLIN) | 133906 |
| Topical term or geographic name as entry element | Syndicalism. |
| 9 (RLIN) | 133907 |
| 942 ## - ADDED ENTRY ELEMENTS (KOHA) | |
| Source of classification or shelving scheme | Dewey Decimal Classification |
| Koha item type | Books |
| Lost status | Source of classification or shelving scheme | Damaged status | Not for loan | Collection code | Permanent Location | Current Location | Shelving location | Date acquired | Source of acquisition | Cost, normal purchase price | Total Checkouts | Full call number | Date last seen | Copy number | Koha item type |
|---|---|---|---|---|---|---|---|---|---|---|---|---|---|---|---|
| Dewey Decimal Classification | Non-fiction | Central Library, University of Rajshahi | Central Library, University of Rajshahi | 22/05/1968 | Sweets and Zeithlinger | 6.00 | 335 RUR 1970 | 25/06/2016 | C-2 | Books | |||||
| Dewey Decimal Classification | Non-fiction | Central Library, University of Rajshahi | Central Library, University of Rajshahi | 22/05/1968 | Sweets and Zeithlinger | 6.00 | 335 RUR 1970 | 25/06/2016 | C-3 | Books | |||||
| Dewey Decimal Classification | Non-fiction | Central Library, University of Rajshahi | Central Library, University of Rajshahi | 07/02/1973 | Britain | 335 RUR 1970 | 30/07/2016 | C-4 | Books | ||||||
| Dewey Decimal Classification | Non-fiction | Central Library, University of Rajshahi | Central Library, University of Rajshahi | Reading Room | 01/03/1967 | Better Books | 4.50 | 335 RUR 1966 | 16/01/2017 | C-1 | Books |